| 000 | 00731nam a2200217 a 4500 | ||
|---|---|---|---|
| 001 | 000329332 | ||
| 003 | AM-YeHGA | ||
| 005 | 20250618072052.0 | ||
| 008 | 040421s2000 ai 000 | arm d | ||
| 040 | _aAM-YeHGA | ||
| 041 | 0 | _aarm | |
| 100 | 1 |
_aԱճեմյան, Հայկ Արշավիրի, _d1898-1965 _92123 |
|
| 245 | 1 | 0 |
_aՀայ արիւնի ձայնը / _cՀ. Աճէմեան. |
| 260 |
_aԼոս Անճելըս : _bտպ. Երեւան, _c2000. |
||
| 300 |
_a48 էջ : _b1 թ. դիմանկ. ; _c21 սմ. |
||
| 440 | 0 |
_a"Վարագ"-ի մատենաշար _vթիւ 1 |
|
| 500 | _aՏողատ. ծանոթ. | ||
| 504 | _aՑանկ էջ՝ 45-47 | ||
| 650 | 1 | 4 | _aՀայոց ցեղասպանություն, 1915-1923 |
| 090 | _c124518 | ||
| 999 |
_c123164 _d123164 |
||